[Event "Winter Deaflympics 2023 Chess Tournamen"]
[Site "Erzurum"]
[Date "2024.03.08"]
[Round "3.1"]
[White "Baklanova, Tatiana"]
[Black "Parhomenko, Anastasija"]
[Result "1-0"]
[WhiteElo "2053"]
[BlackElo "1686"]
[PlyCount "73"]
[EventDate "2024.??.??"]

1. d4 f5 2. g3 Nf6 3. Bg2 g6 4. h4 Bg7 5. c3 c6 6. Nd2 d6 7. Ndf3 Nbd7 8. Ng5
Nb6 9. Qb3 Rf8 10. N1h3 Nbd5 11. Bxd5 cxd5 12. Nf4 Qa5 13. Bd2 Ne4 14. Qxd5
Qxd5 15. Nxd5 Nxd2 16. Kxd2 h6 17. Nc7+ Kd7 18. Nge6 Rf6 19. Nxg7 Kxc7 20. Ne8+
Kc6 21. Nxf6 exf6 22. c4 Bd7 23. b4 Re8 24. a4 b6 25. e3 Kb7 26. b5 Rc8 27.
Rhc1 Be6 28. d5 Bf7 29. a5 Rc7 30. axb6 Kxb6 31. Ra6+ Kc5 32. Rc6+ Rxc6 33.
bxc6 Be8 34. Kc3 g5 35. Rb1 a6 36. c7 Bd7 37. Rb8 1-0

[Event "Winter Deaflympics 2023 Chess Tournamen"]
[Site "Erzurum"]
[Date "2024.03.08"]
[Round "3.1"]
[White "Parhomenko, Margarita"]
[Black "Myronenko, Natalya"]
[Result "1-0"]
[WhiteElo "1970"]
[BlackElo "1900"]
[PlyCount "75"]
[EventDate "2024.??.??"]

1. d4 Nf6 2. Bf4 d6 3. Nf3 Nbd7 4. e3 Nh5 5. Bg5 h6 6. Bh4 g5 7. Nfd2 Ndf6 8.
Be2 Ng7 9. Bg3 Nf5 10. c3 c6 11. Qc2 Bg7 12. Ne4 Be6 13. Nbd2 Qc8 14. Nxf6+
Bxf6 15. e4 Nxg3 16. hxg3 Qc7 17. f4 Bd7 18. Bh5 gxf4 19. gxf4 e5 20. O-O-O
O-O-O 21. dxe5 dxe5 22. f5 Bg5 23. Kb1 f6 24. Nc4 Be8 25. Rxd8+ Qxd8 26. Bxe8
Rxe8 27. Rd1 Qe7 28. Nd6+ Kc7 29. Nxe8+ Qxe8 30. Qd3 a5 31. b4 axb4 32. cxb4
Kb6 33. Qb3 Qh5 34. Qa4 Kc7 35. Qa5+ b6 36. Qa7+ Kc8 37. Qd7+ Kb8 38. a4 1-0

[Event "Winter Deaflympics 2023 Chess Tournamen"]
[Site "Erzurum"]
[Date "2024.03.08"]
[Round "3.3"]
[White "Cseke, Viktoria"]
[Black "Szewczyk, Malwina"]
[Result "0-1"]
[WhiteElo "1776"]
[BlackElo "1682"]
[PlyCount "110"]
[EventDate "2024.??.??"]

1. e4 c5 2. Nc3 Nc6 3. f4 g6 4. Nf3 Bg7 5. Bc4 e6 6. f5 d5 7. exd5 exd5 8. Nxd5
Bxf5 9. d3 Nge7 10. Bg5 O-O 11. O-O h6 12. Nxe7+ Nxe7 13. Be3 b6 14. Qd2 Kh7
15. Rae1 Nd5 16. Bxd5 Qxd5 17. Qf2 Bg4 18. Qg3 Bxf3 19. Rxf3 Rae8 20. Ref1 Rxe3
21. Rxe3 Bd4 22. c3 Bxe3+ 23. Qxe3 Qxa2 24. Qe7 Kg8 25. Qe2 Qd5 26. Rf3 Qd7 27.
Qd2 Kg7 28. Rh3 h5 29. Qg5 Qg4 30. Qe5+ f6 31. Qe1 Rf7 32. Rf3 Qd7 33. Qf2 Qd6
34. Qh4 Qe6 35. h3 Re7 36. Rg3 Qe1+ 37. Kh2 Re3 38. Qf4 Qxg3+ 39. Qxg3 Rxg3 40.
Kxg3 Kf7 41. Kf4 Ke6 42. Ke4 a5 43. c4 a4 44. g3 g5 45. g4 hxg4 46. hxg4 f5+
47. gxf5+ Kf6 48. d4 cxd4 49. Kxd4 Kxf5 50. c5 bxc5+ 51. Kxc5 g4 52. Kb4 g3 53.
Kxa4 g2 54. b4 g1=Q 55. b5 Qb6 0-1

[Event "Winter Deaflympics 2023 Chess Tournamen"]
[Site "Erzurum"]
[Date "2024.03.08"]
[Round "3.4"]
[White "Malika, Handa"]
[Black "Vuljanic, Ana"]
[Result "1/2-1/2"]
[WhiteElo "1607"]
[BlackElo "1741"]
[PlyCount "108"]
[EventDate "2024.??.??"]

1. e4 c5 2. Nf3 Nf6 3. Nc3 d6 4. Bb5+ Nbd7 5. d4 cxd4 6. Qxd4 a6 7. Bxd7+ Bxd7
8. Bg5 h6 9. Bxf6 gxf6 10. Nd5 Rc8 11. c3 Be6 12. Nb6 Rc6 13. Nd5 Bg7 14. Nh4
Qc8 15. O-O Bxd5 16. Qxd5 Rc5 17. Qd3 Qg4 18. Qg3 Qxg3 19. hxg3 e6 20. Rad1 Ke7
21. Rd3 b5 22. Rfd1 Rd8 23. f4 Rc4 24. Re1 Rdc8 25. Kf2 Bf8 26. Nf3 Ke8 27. g4
a5 28. Nd4 b4 29. cxb4 axb4 30. Re2 Ra8 31. b3 Rc5 32. Rdd2 Kd7 33. Ke3 Rc3+
34. Kf2 Rc5 35. e5 fxe5 36. fxe5 d5 37. Rc2 Rac8 38. Ke3 Rxc2 39. Rxc2 Rxc2 40.
Nxc2 Kc6 41. Nd4+ Kc5 42. Nf3 Kc6 43. g5 Bc5+ 44. Kd3 h5 45. Nh4 Bf2 46. g6
fxg6 47. Nxg6 Kd7 48. Nf4 h4 49. Ne2 Kc6 50. Nf4 Kd7 51. Ne2 Kc6 52. Nc1 Kc5
53. Ne2 Kc6 54. Nf4 Kd7 1/2-1/2

[Event "Winter Deaflympics 2023 Chess Tournamen"]
[Site "Erzurum"]
[Date "2024.03.08"]
[Round "3.4"]
[White "Spilek, Kristina"]
[Black "Ambika Masagi"]
[Result "0-1"]
[WhiteElo "1603"]
[BlackElo "1467"]
[PlyCount "100"]
[EventDate "2024.??.??"]

1. e4 e5 2. Nf3 Nc6 3. d4 exd4 4. Nxd4 Bc5 5. Be3 Qe7 6. Nc3 h6 7. Nxc6 dxc6 8.
Bxc5 Qxc5 9. Bd3 Qg5 10. O-O Bg4 11. Be2 Be6 12. Qd3 Rd8 13. Qg3 Qxg3 14. hxg3
Ne7 15. Rad1 O-O 16. Rxd8 Rxd8 17. Rd1 Rxd1+ 18. Bxd1 b5 19. a3 f5 20. Bf3 fxe4
21. Bxe4 Bf5 22. Bxf5 Nxf5 23. Ne2 c5 24. c3 Nd6 25. b3 Ne4 26. f3 Nd2 27. b4
c4 28. Nd4 a6 29. Nc2 Nb1 30. Kf2 Nxc3 31. Ke3 Kf7 32. Kd4 Na4 33. Kd5 Ke7 34.
Kc6 Kd8 35. Kb7 Kd7 36. Kxa6 c6 37. Kb7 c3 38. g4 g5 39. g3 Kd6 40. f4 Nb2 41.
f5 Nc4 42. f6 Ne5 43. Ne3 Ke6 44. Kc7 Kxf6 45. Kb7 Ke6 46. Kc7 Nc4 47. Nc2 Kd5
48. Kd7 Ne5+ 49. Kc7 Nxg4 50. Kb6 h5 0-1

[Event "Winter Deaflympics 2023 Chess Tournamen"]
[Site "Erzurum"]
[Date "2024.03.08"]
[Round "3"]
[White "Klaric, Zlatko"]
[Black "Piekielny, Pawel"]
[Result "1/2-1/2"]
[WhiteElo "2340"]
[BlackElo "2255"]
[PlyCount "80"]
[EventDate "2024.??.??"]

1. d4 Nf6 2. Bg5 c5 3. Bxf6 gxf6 4. e3 Qb6 5. Nf3 Qxb2 6. Nbd2 Nc6 7. Bc4 cxd4
8. Rb1 Qc3 9. Rb3 Qa5 10. exd4 e6 11. d5 Ne7 12. Rb5 Qc3 13. O-O Ng6 14. Rb3
Qa5 15. Ne4 Be7 16. d6 Bd8 17. Rb5 Qa4 18. Qd4 a6 19. Rc5 b5 20. Nxf6+ Kf8 21.
Ng5 bxc4 22. Ngxh7+ Rxh7 23. Nxh7+ Kg8 24. Nf6+ Bxf6 25. Qxf6 Bb7 26. Rg5 Qxc2
27. h4 Be4 28. h5 Rb8 29. hxg6 Bxg6 30. Rg4 Qb2 31. Qxb2 Rxb2 32. Rxc4 Rd2 33.
Rcc1 Bc2 34. Rfe1 Ba4 35. Re3 Rxd6 36. Rc8+ Kg7 37. Rg3+ Kf6 38. Rc4 Bd1 39.
Rcc3 Be2 40. a4 Ke5 1/2-1/2

[Event "Winter Deaflympics 2023 Chess Tournamen"]
[Site "Erzurum"]
[Date "2024.03.08"]
[Round "3"]
[White "Lapaj, Mateusz"]
[Black "Vujakovic, Branko"]
[Result "1/2-1/2"]
[WhiteElo "2217"]
[BlackElo "2232"]
[PlyCount "69"]
[EventDate "2024.??.??"]

1. e4 d6 2. d4 Nf6 3. Nc3 g6 4. f3 Bg7 5. Be3 c6 6. Qd2 b5 7. g4 h5 8. g5 Nfd7
9. f4 Nb6 10. Nf3 Bg4 11. Nh4 d5 12. h3 Bc8 13. f5 gxf5 14. exf5 Nc4 15. Bxc4
dxc4 16. O-O-O b4 17. Ne2 Qa5 18. Kb1 c3 19. bxc3 bxc3 20. Nxc3 Bxf5 21. Nxf5
Qxf5 22. Qd3 Qxd3 23. Rxd3 Nd7 24. Ne4 Nb6 25. Ng3 Nc4 26. Nf5 Bf8 27. Rc3 Nxe3
28. Nxe3 Rd8 29. Rd1 Rg8 30. h4 Rg6 31. Nf5 Rd5 32. Ng3 Rgd6 33. Rcd3 f6 34. c4
Ra5 35. c5 1/2-1/2

[Event "Winter Deaflympics 2023 Chess Tournamen"]
[Site "Erzurum"]
[Date "2024.03.08"]
[Round "3"]
[White "Bozinovic, Bogdan"]
[Black "Miozga, Tomasz"]
[Result "1/2-1/2"]
[WhiteElo "2129"]
[BlackElo "2126"]
[PlyCount "41"]
[EventDate "2024.??.??"]

1. d4 d5 2. c4 c6 3. Nc3 Nf6 4. Nf3 e6 5. e3 Nbd7 6. Qc2 dxc4 7. Bxc4 b5 8. Bd3
Bb7 9. O-O a6 10. Ne4 Qb6 11. Bd2 c5 12. dxc5 Bxc5 13. Rac1 Be7 14. Nxf6+ Nxf6
15. e4 h6 16. Be3 Qa5 17. Bd2 Qb6 18. Be3 Qa5 19. Bd2 Qb6 20. Be3 Qa5 21. Bd2
1/2-1/2

[Event "Winter Deaflympics 2023 Chess Tournamen"]
[Site "Erzurum"]
[Date "2024.03.08"]
[Round "3"]
[White "Szalko, Maciej"]
[Black "Vujcic, Toni"]
[Result "0-1"]
[WhiteElo "1948"]
[BlackElo "2123"]
[PlyCount "114"]
[EventDate "2024.??.??"]

1. d4 d5 2. Nc3 e6 3. a3 Nf6 4. Bf4 c5 5. e3 Bd6 6. dxc5 Bxc5 7. Nf3 a6 8. Be2
Nc6 9. O-O O-O 10. h3 b5 11. Bg5 Be7 12. Nd4 Bb7 13. Nb3 Ne5 14. Nc1 Rc8 15.
Bf4 Bd6 16. Nb1 Qc7 17. c3 Nc4 18. Bxd6 Qxd6 19. b3 Ne5 20. Nd3 Ne4 21. Nxe5
Qxe5 22. Qd4 Qc7 23. Rc1 Rfd8 24. Qd3 f5 25. Rc2 Nc5 26. Qd1 Nxb3 27. Raa2 Nc5
28. Bf3 Na4 29. g3 Rd6 30. Rc1 Rc6 31. Rac2 Qe5 32. Qe1 R6c7 33. Bd1 Qd6 34.
Be2 Nc5 35. Nd2 Na4 36. Nb1 Qb6 37. Bf3 Qc5 38. Be2 Bc6 39. Bf1 Be8 40. Bg2 Bg6
41. f4 Bh5 42. Kh2 Nb6 43. Nd2 Na4 44. Nb1 a5 45. Qd2 b4 46. axb4 axb4 47. Ra2
Nxc3 48. Nxc3 bxc3 49. Qd3 Be8 50. Qd1 Qxe3 51. Re2 Qb6 52. Qe1 Bf7 53. Rb1 Qd6
54. Bf3 d4 55. Qg1 d3 56. Re5 c2 57. Rb6 Qd7 0-1

[Event "Winter Deaflympics 2023 Chess Tournamen"]
[Site "Erzurum"]
[Date "2024.03.08"]
[Round "3"]
[White "Ovcharov, Taras"]
[Black "Pavicevic, Jovan R"]
[Result "1/2-1/2"]
[WhiteElo "1968"]
[BlackElo "2112"]
[PlyCount "63"]
[EventDate "2024.??.??"]

1. e4 e6 2. d4 d5 3. exd5 exd5 4. Nf3 c6 5. Bd3 Bd6 6. c4 Ne7 7. c5 Bc7 8. O-O
O-O 9. Bg5 f6 10. Bh4 Bf5 11. Bxf5 Nxf5 12. Qd3 Qd7 13. Bg3 Bxg3 14. hxg3 Na6
15. a3 Rfe8 16. Nc3 Nc7 17. Rfe1 Rxe1+ 18. Rxe1 Re8 19. Rxe8+ Nxe8 20. g4 Ne7
21. g5 Qf5 22. Qxf5 Nxf5 23. g4 Ne7 24. Kg2 Kf7 25. Kg3 Nc7 26. gxf6 gxf6 27.
Nh4 Ne6 28. Ne2 Ng7 29. f3 Ne6 30. f4 Ng7 31. f5 h5 32. Kf4 1/2-1/2

[Event "Winter Deaflympics 2023 Chess Tournamen"]
[Site "Erzurum"]
[Date "2024.03.08"]
[Round "3"]
[White "Tapai, Djerdj"]
[Black "Zabolotny, Volodymyr"]
[Result "1/2-1/2"]
[WhiteElo "1947"]
[BlackElo "1938"]
[PlyCount "84"]
[EventDate "2024.??.??"]

1. d4 d5 2. c4 e6 3. Nf3 Nf6 4. e3 c5 5. a3 dxc4 6. Bxc4 Nc6 7. O-O cxd4 8.
exd4 Be7 9. b4 O-O 10. Bb2 a6 11. Re1 b5 12. Bd3 Bb7 13. Nbd2 Rc8 14. Rc1 Re8
15. Nb3 Nd7 16. Nc5 Nxc5 17. dxc5 Bf6 18. Bxf6 Qxf6 19. Qc2 g6 20. Rcd1 Red8
21. Be4 Qf4 22. g3 Qc7 23. Qc3 f5 24. Bc2 Rxd1 25. Bxd1 Re8 26. Bb3 Nd8 27. Ne5
Nf7 28. c6 Nxe5 29. Rxe5 Qxc6 30. Qxc6 Bxc6 31. Rxe6 Rxe6 32. Bxe6+ Kg7 33. Bc8
Kf6 34. Kf1 Ke5 35. Ke2 Kd4 36. Kd2 Ke4 37. Bxa6 Kf3 38. Ke1 f4 39. Bc8 fxg3
40. hxg3 h5 41. Bh3 Be8 42. Be6 g5 1/2-1/2

[Event "Winter Deaflympics 2023 Chess Tournamen"]
[Site "Erzurum"]
[Date "2024.03.09"]
[Round "4.1"]
[White "Osypova, Alona"]
[Black "Myronenko, Natalya"]
[Result "1/2-1/2"]
[WhiteElo "1793"]
[BlackElo "1900"]
[PlyCount "64"]
[EventDate "2024.??.??"]

1. d4 d6 2. Nf3 Nf6 3. g3 Nbd7 4. Bg2 e5 5. O-O Be7 6. c4 O-O 7. Nc3 c6 8. e4
a6 9. a4 a5 10. h3 Re8 11. Be3 exd4 12. Nxd4 Nc5 13. Qc2 Bf8 14. Rfe1 Qc7 15.
Rad1 Bd7 16. f4 g6 17. Bf2 Rad8 18. Rd2 Bc8 19. Kh2 Bg7 20. Red1 Nh5 21. Bf3
Nf6 22. b3 Na6 23. Na2 Nd7 24. Bg2 Ndc5 25. Ne2 Qe7 26. Nec3 Nb4 27. Nxb4 axb4
28. Na2 Na6 29. Bb6 Rd7 30. h4 c5 31. Bh3 Bf8 32. Bxd7 Qxd7 1/2-1/2

[Event "Winter Deaflympics 2023 Chess Tournamen"]
[Site "Erzurum"]
[Date "2024.03.09"]
[Round "4.1"]
[White "Gonchar, Svitlana"]
[Black "Lyanguzova, Alina"]
[Result "1/2-1/2"]
[WhiteElo "1767"]
[BlackElo "1775"]
[PlyCount "60"]
[EventDate "2024.??.??"]

1. d4 Nf6 2. Nf3 g6 3. c4 Bg7 4. Nc3 d5 5. cxd5 Nxd5 6. e4 Nxc3 7. bxc3 c5 8.
Be3 Qa5 9. Qd2 cxd4 10. cxd4 Qxd2+ 11. Kxd2 Nc6 12. Bb5 Bd7 13. Rac1 Rd8 14.
Rhd1 O-O 15. Ke2 a6 16. Ba4 b5 17. Bb3 Rc8 18. d5 Ne5 19. Nxe5 Bxe5 20. f4 Bd6
21. h3 Rxc1 22. Rxc1 Rc8 23. Rxc8+ Bxc8 24. Kd3 Kf8 25. g4 e6 26. dxe6 Bxe6 27.
Bxe6 fxe6 28. e5 Bb4 29. Bd2 Bc5 30. Ke4 Ke7 1/2-1/2

[Event "Winter Deaflympics 2023 Chess Tournamen"]
[Site "Erzurum"]
[Date "2024.03.09"]
[Round "4.2"]
[White "Parhomenko, Anastasija"]
[Black "Lukasik, Zuzanna"]
[Result "0-1"]
[WhiteElo "1686"]
[BlackElo "1797"]
[PlyCount "86"]
[EventDate "2024.??.??"]

1. f4 d5 2. Nf3 Nf6 3. e3 g6 4. b3 Bg7 5. Bb2 O-O 6. Bd3 c5 7. O-O Nc6 8. Bb5
Qc7 9. Bxc6 Qxc6 10. Ne5 Qc7 11. Nc3 a6 12. a4 b6 13. g4 d4 14. exd4 cxd4 15.
Nb1 d3 16. cxd3 Nxg4 17. d4 Nf6 18. Nc3 Bb7 19. Qe1 Qd6 20. Qe3 Rfd8 21. Ne2
Qd5 22. Nf3 e6 23. h3 Qf5 24. Ne5 Nd5 25. Qd3 Qf6 26. Ba3 Nxf4 27. Rxf4 Qxe5
28. Raf1 Qd5 29. Kf2 e5 30. Rg4 exd4 31. Bb2 h5 32. Rf4 Be5 33. Rh4 Bf6 34. Rf4
Bg7 35. Ke1 Rd7 36. Bxd4 Re8 37. Kd1 Rxe2 38. Qxe2 Bxd4 39. Qc4 Qxc4 40. bxc4
Bg2 41. Re1 Bxh3 42. Kc2 Be6 43. Ree4 Bf5 0-1

[Event "Winter Deaflympics 2023 Chess Tournamen"]
[Site "Erzurum"]
[Date "2024.03.09"]
[Round "4.2"]
[White "Szewczyk, Malwina"]
[Black "Parhomenko, Margarita"]
[Result "0-1"]
[WhiteElo "1682"]
[BlackElo "1970"]
[PlyCount "96"]
[EventDate "2024.??.??"]

1. e4 c6 2. c4 d5 3. exd5 cxd5 4. d4 Nc6 5. Nf3 Nf6 6. Nc3 g6 7. cxd5 Nxd5 8.
Bc4 e6 9. O-O Nb6 10. Bd3 Bg7 11. Be3 O-O 12. Ne2 Nd5 13. Bc1 Qb6 14. Bb1 Rd8
15. a4 Nde7 16. a5 Nxa5 17. b4 Nac6 18. Be3 Nd5 19. b5 Ncb4 20. Bd3 Bd7 21. Nf4
Nxf4 22. Bxf4 Nxd3 23. Qxd3 Bxb5 24. Qc3 Rac8 25. Qa5 Qxa5 26. Rxa5 Bxf1 27.
Kxf1 Bxd4 28. Nxd4 Rxd4 29. Be3 Rd5 30. Rxa7 Rb8 31. Bf4 e5 32. Bg3 f5 33. f4
e4 34. Bf2 b5 35. Bh4 Rd6 36. Be7 Rdb6 37. Bb4 R6b7 38. Ra6 Kf7 39. Ke2 Rc8 40.
Kd2 Rc4 41. Bd6 b4 42. Be5 Rc8 43. Rf6+ Ke7 44. h4 b3 45. h5 b2 46. hxg6 hxg6
47. Rxg6 b1=Q 48. Rg7+ Kf8 0-1

[Event "Winter Deaflympics 2023 Chess Tournamen"]
[Site "Erzurum"]
[Date "2024.03.09"]
[Round "4.3"]
[White "Nuserova, Almash"]
[Black "Malika, Handa"]
[Result "1/2-1/2"]
[WhiteElo "1550"]
[BlackElo "1607"]
[PlyCount "45"]
[EventDate "2024.??.??"]

1. d4 g6 2. c4 Bg7 3. Nf3 Nf6 4. Nc3 d6 5. e4 Bg4 6. Be2 O-O 7. Bg5 c6 8. O-O
Nbd7 9. Rb1 Nb6 10. b3 Qc7 11. Re1 c5 12. d5 a6 13. Qc2 Rfe8 14. Nd2 Bxe2 15.
Rxe2 e6 16. Bxf6 Bxf6 17. Rbe1 exd5 18. Nxd5 Nxd5 19. exd5 Qd7 20. Ne4 Bg7 21.
Ng5 b5 22. Kf1 b4 23. Nf3 1/2-1/2

[Event "Winter Deaflympics 2023 Chess Tournamen"]
[Site "Erzurum"]
[Date "2024.03.09"]
[Round "4.3"]
[White "Ambika Masagi"]
[Black "Zhukovskaya, Nina"]
[Result "0-1"]
[WhiteElo "1467"]
[BlackElo "1674"]
[PlyCount "65"]
[EventDate "2024.??.??"]

1. d4 d5 2. e3 c6 3. Bd3 Nf6 4. f4 e6 5. Nf3 Be7 6. Nbd2 Nbd7 7. O-O b6 8. c3
O-O 9. Ne5 Bb7 10. Rf3 g6 11. Rh3 Kg7 12. g4 Rh8 13. g5 Ne8 14. Qg4 Nxe5 15.
dxe5 c5 16. Bc2 d4 17. Be4 Rb8 18. Bxb7 Rxb7 19. Ne4 dxc3 20. Nxc3 Nc7 21. Ne4
h5 22. Qg2 Qd1+ 23. Kf2 Qc2+ 24. Nd2 Nd5 25. Qf3 Qd3 26. Qg2 Qc2 27. Ke1 Rd7
28. Qf3 Nb4 29. a3 Nd3+ 30. Kf1 Nxc1 31. Rg3 Rxd2 32. Kg1 Rd1+ 33. Qxd1 0-1

[Event "Winter Deaflympics 2023 Chess Tournamen"]
[Site "Erzurum"]
[Date "2024.03.09"]
[Round "4"]
[White "Biliy, Vadim"]
[Black "Klaric, Zlatko"]
[Result "0-1"]
[WhiteElo "2311"]
[BlackElo "2340"]
[PlyCount "98"]
[EventDate "2024.??.??"]

1. d4 d5 2. Nf3 Bf5 3. e3 e6 4. Bd3 Bg6 5. O-O Nd7 6. b3 Ngf6 7. Bb2 Ne4 8.
Nbd2 Bd6 9. Ne5 f6 10. Nxd7 Qxd7 11. f3 Nxd2 12. Qxd2 c6 13. e4 dxe4 14. fxe4
O-O-O 15. b4 Qc7 16. g3 Qb6 17. Qf2 Qxb4 18. Rfb1 Bc7 19. Bc1 Qxd4 20. Be3 Bb6
21. Bxd4 Bxd4 22. Rb4 Bxf2+ 23. Kxf2 f5 24. e5 f4 25. Rxf4 Bxd3 26. cxd3 Rxd3
27. Re1 Rhd8 28. Rh4 Rf8+ 29. Kg2 Rd2+ 30. Kh3 Rff2 31. Rh1 h6 32. a3 Rfe2 33.
Rf4 Rxe5 34. Rf7 Rd7 35. Rhf1 Red5 36. Rf8+ Rd8 37. R8f7 R5d7 38. Kg4 Rxf7 39.
Rxf7 Rd7 40. Rf8+ Kc7 41. h4 c5 42. Kh5 c4 43. a4 Kb6 44. Re8 c3 45. Rxe6+ Ka5
46. Re4 Rc7 47. Kg6 c2 48. Re1 Kb4 49. h5 Kb3 0-1

[Event "Winter Deaflympics 2023 Chess Tournamen"]
[Site "Erzurum"]
[Date "2024.03.09"]
[Round "4"]
[White "Vujakovic, Branko"]
[Black "Ovcharov, Taras"]
[Result "0-1"]
[WhiteElo "2232"]
[BlackElo "1968"]
[PlyCount "86"]
[EventDate "2024.??.??"]

1. e4 d5 2. exd5 Qxd5 3. Nc3 Qa5 4. d4 Nf6 5. Nf3 Bf5 6. Bd2 e6 7. Bc4 Bb4 8.
O-O O-O 9. a3 Bxc3 10. Bxc3 Qb6 11. Ne5 Nc6 12. Nxc6 Qxc6 13. Bd3 Be4 14. f3
Bxd3 15. Qxd3 Rad8 16. Rad1 Rd7 17. Qe2 Rfd8 18. Rd3 Nd5 19. Qf2 Qb6 20. Qd2
Nxc3 21. bxc3 Qa6 22. Qc1 Rd5 23. Qb2 Ra5 24. Rb1 b6 25. Ra1 Rdd5 26. Qb3 Rdb5
27. Qa2 Ra4 28. d5 Rxd5 29. Rxd5 exd5 30. Qxd5 g6 31. Re1 Qa5 32. Qd8+ Kg7 33.
Qxc7 Rxa3 34. Re3 Ra1+ 35. Kf2 Rc1 36. Re2 a6 37. Qf4 Rd1 38. Qc4 Qh5 39. Qxa6
Qh4+ 40. Ke3 Qxh2 41. Qc4 h5 42. Qf4 Qg1+ 43. Ke4 f5+ 0-1

[Event "Winter Deaflympics 2023 Chess Tournamen"]
[Site "Erzurum"]
[Date "2024.03.09"]
[Round "4"]
[White "Filippskikh, Oleksii"]
[Black "Bozinovic, Bogdan"]
[Result "0-1"]
[WhiteElo "1965"]
[BlackElo "2129"]
[PlyCount "88"]
[EventDate "2024.??.??"]

1. d4 d5 2. c4 dxc4 3. e3 e5 4. Bxc4 exd4 5. exd4 Bd6 6. h3 Nf6 7. Nf3 O-O 8.
O-O h6 9. Nc3 Nc6 10. Re1 Bf5 11. Bd3 Qd7 12. Bxf5 Qxf5 13. Be3 Rfe8 14. Qb1
Qh5 15. a3 a6 16. Qd3 Rad8 17. Rad1 Ne7 18. Qf1 Qa5 19. Nd2 Qh5 20. Nf3 Qa5 21.
Nd2 Qh5 22. g4 Nxg4 23. Qg2 Nxe3 24. fxe3 Nf5 25. Nf1 Nh4 26. Qe2 Nf3+ 27. Kf2
Re6 28. e4 Rf6 29. Nd5 Qh4+ 30. Ke3 Qg5+ 31. Kd3 Nxe1+ 32. Rxe1 Re6 33. Nd2 c6
34. Nc3 Qg3+ 35. Kc2 Bf4 36. Nf3 Qxh3 37. d5 cxd5 38. Rd1 Rde8 39. Nxd5 Rxe4
40. Qd3 Re2+ 41. Kb1 Bg5 42. Qc3 Qf5+ 43. Ka1 Bf6 44. Nd4 Qxd5 0-1

[Event "Winter Deaflympics 2023 Chess Tournamen"]
[Site "Erzurum"]
[Date "2024.03.09"]
[Round "4"]
[White "Piekielny, Pawel"]
[Black "Kettebekov, Samazhan"]
[Result "1-0"]
[WhiteElo "2255"]
[BlackElo "1860"]
[PlyCount "81"]
[EventDate "2024.??.??"]

1. e4 c6 2. d4 d5 3. e5 Bf5 4. Nf3 e6 5. Be2 Nd7 6. O-O h6 7. Nbd2 c5 8. c4 Ne7
9. Nb3 dxc4 10. Bxc4 Nc6 11. d5 Ncxe5 12. Nxe5 Nxe5 13. Bb5+ Nd7 14. Re1 a6 15.
dxe6 Bxe6 16. Rxe6+ fxe6 17. Qh5+ Ke7 18. Bxd7 Kxd7 19. Bf4 Kc6 20. Rd1 Qe8 21.
Qe5 Rc8 22. Na5+ Kb6 23. b4 Ka7 24. Qe4 Qf7 25. Be3 Rc7 26. Qc4 Be7 27. bxc5
Qf5 28. g4 Qf3 29. Rd3 Ka8 30. c6 b5 31. Qd4 e5 32. Qb6 Qxg4+ 33. Kf1 Qh3+ 34.
Ke2 Qg4+ 35. f3 Qc8 36. Rd7 Rxd7 37. cxd7 Qxd7 38. Qxa6+ Kb8 39. Ba7+ Ka8 40.
Bc5+ Kb8 41. Nc6+ 1-0

[Event "Winter Deaflympics 2023 Chess Tournamen"]
[Site "Erzurum"]
[Date "2024.03.09"]
[Round "4"]
[White "Miozga, Tomasz"]
[Black "Nauryzgaliev, Amangeldy"]
[Result "0-1"]
[WhiteElo "2126"]
[BlackElo "1927"]
[PlyCount "92"]
[EventDate "2024.??.??"]

1. d4 d5 2. Bf4 e6 3. Nf3 c5 4. e3 Nf6 5. c3 a6 6. Nbd2 b6 7. Bd3 Bb7 8. Qe2
Be7 9. h3 O-O 10. O-O Nc6 11. Ne5 b5 12. dxc5 Nxe5 13. Bxe5 Bxc5 14. Bd4 Bd6
15. f4 g6 16. Qf2 Ne4 17. Bxe4 dxe4 18. c4 Qe7 19. Rfc1 Rfc8 20. Qe2 b4 21. Nf1
a5 22. b3 a4 23. Qb2 a3 24. Qd2 f6 25. Rab1 e5 26. fxe5 fxe5 27. Ba1 Bc5 28.
Rd1 Bc6 29. Qe1 Qg5 30. h4 Qf5 31. Qg3 Re8 32. Rd2 Qf4 33. Qe1 Rad8 34. Rbd1
Rd3 35. Rxd3 exd3 36. Rxd3 Bxg2 37. Qf2 Qe4 38. Rd5 Bxf1 39. Rxc5 Rf8 40. Qg3
Bd3 41. Kh2 Bb1 42. Bxe5 Rf3 43. Rc8+ Kf7 44. Rc7+ Ke6 45. Qe1 Qxe5+ 46. Kg2
Be4 0-1

[Event "Winter Deaflympics 2023 Chess Tournamen"]
[Site "Erzurum"]
[Date "2024.03.09"]
[Round "4"]
[White "Kozhakhmetov, Sultan"]
[Black "Kasperczyk, Szymon"]
[Result "0-1"]
[WhiteElo "1843"]
[BlackElo "1959"]
[PlyCount "85"]
[EventDate "2024.??.??"]

1. d4 Nf6 2. c4 e6 3. Nc3 Bb4 4. e3 b6 5. Bd3 Bb7 6. Nge2 Bxg2 7. Rg1 Be4 8. a3
Bxc3+ 9. Nxc3 Bg6 10. e4 d5 11. Bg5 dxc4 12. Bxc4 Qd7 13. Bxf6 gxf6 14. h4 Qd6
15. Rg3 h5 16. Qf3 e5 17. Nb5 Qe7 18. d5 Kf8 19. d6 cxd6 20. Bd5 a6 21. Bxa8
axb5 22. O-O-O Na6 23. Qd3 Nc5 24. Qxb5 Bxe4 25. Qxb6 Bg6 26. Rxd6 Kg7 27. Qxc5
Rxa8 28. Rc6 Qd7 29. b4 Qf5 30. Qc2 Qf4+ 31. Kb2 Qxh4 32. Qd2 Qe4 33. Rc1 h4
34. Rh3 Rc8 35. Rxc8 Qb1+ 36. Kc3 Qf5 37. Rh8 Qxh3+ 38. Kb2 Kxh8 39. b5 Qh1 40.
Kc3 Qf3+ 41. Kb2 h3 42. b6 Kg7 43. Qd1 0-1

[Event "Winter Deaflympics 2023 Chess Tournamen"]
[Site "Erzurum"]
[Date "2024.03.10"]
[Round "5.1"]
[White "Baklanova, Tatiana"]
[Black "Lukasik, Zuzanna"]
[Result "1-0"]
[WhiteElo "2053"]
[BlackElo "1797"]
[PlyCount "83"]
[EventDate "2024.??.??"]

1. Nf3 d5 2. g3 c6 3. Bg2 Bg4 4. O-O Nf6 5. d3 e6 6. Qe1 Be7 7. e4 dxe4 8. dxe4
O-O 9. Nbd2 Qa5 10. h3 Bh5 11. Nc4 Qxe1 12. Rxe1 h6 13. Nfe5 b5 14. Ne3 Nfd7
15. Nd3 g5 16. a4 a5 17. Bd2 b4 18. Nc4 Ra6 19. Be3 f6 20. f4 Bf7 21. e5 f5 22.
Bf3 Rc8 23. Red1 Nf8 24. fxg5 hxg5 25. Nc5 Bxc5 26. Bxc5 Kg7 27. Be7 Nh7 28.
Bd8 Ra7 29. Bxa5 c5 30. Bb6 Rd7 31. Nd6 Rg8 32. a5 Kg6 33. a6 Nxa6 34. Rxa6 g4
35. hxg4 fxg4 36. Be4+ Kg7 37. Nf5+ exf5 38. Rxd7 fxe4 39. e6 Ng5 40. exf7 Nf3+
41. Kf2 Rf8 42. Bxc5 1-0

[Event "Winter Deaflympics 2023 Chess Tournamen"]
[Site "Erzurum"]
[Date "2024.03.10"]
[Round "5.1"]
[White "Szewczyk, Malwina"]
[Black "Myronenko, Natalya"]
[Result "0-1"]
[WhiteElo "1682"]
[BlackElo "1900"]
[PlyCount "102"]
[EventDate "2024.??.??"]

1. d4 Nf6 2. c4 d6 3. Nc3 Nbd7 4. e4 e5 5. Nge2 Be7 6. f3 c6 7. Be3 a6 8. g4 b5
9. d5 Bb7 10. Ng3 b4 11. dxc6 Bxc6 12. Nd5 Nxd5 13. exd5 Bb7 14. Qd2 a5 15. a3
Nc5 16. Bxc5 dxc5 17. Ne4 Bh4+ 18. Ke2 Qb6 19. d6 Bxe4 20. fxe4 O-O 21. Rd1 h6
22. Bg2 Rab8 23. Rb1 Rfd8 24. Rhd1 Rd7 25. Qd5 Rbd8 26. Qxe5 Bf6 27. Qf5 Rxd6
28. e5 Bxe5 29. Be4 Bd4 30. Rf1 Rf6 31. Qh7+ Kf8 32. Rxf6 Qxf6 33. Rf1 Qh4 34.
Bd5 Qxh2+ 35. Kd1 Bf6 36. Rxf6 Rxd5+ 37. cxd5 gxf6 38. Qf5 Qg1+ 39. Kc2 Qd4 40.
Qh7 Qxd5 41. Qxh6+ Ke7 42. axb4 axb4 43. Qe3+ Kd6 44. Qe8 Qc4+ 45. Kd2 Qe6 46.
Qf8+ Ke5 47. Kc1 Qc4+ 48. Kd2 Kf4 49. Qd6+ Kxg4 50. Qxf6 Qf4+ 51. Qxf4+ Kxf4
0-1

[Event "Winter Deaflympics 2023 Chess Tournamen"]
[Site "Erzurum"]
[Date "2024.03.10"]
[Round "5.2"]
[White "Osypova, Alona"]
[Black "Nuserova, Almash"]
[Result "1-0"]
[WhiteElo "1793"]
[BlackElo "1550"]
[PlyCount "103"]
[EventDate "2024.??.??"]

1. d4 Nf6 2. Nf3 d6 3. c4 Nbd7 4. Nc3 c6 5. e4 g6 6. g3 Bg7 7. Bg2 O-O 8. O-O
Qc7 9. h3 e5 10. Qc2 Re8 11. Be3 a5 12. a4 b6 13. Rad1 Bb7 14. Rfe1 Rad8 15. b3
Ba6 16. Bf1 Bb7 17. Bg2 Ba6 18. Rd2 Nf8 19. Red1 Ne6 20. d5 Nc5 21. dxc6 Qxc6
22. Ne1 Bb7 23. f3 Na6 24. Qb1 Nb4 25. Nd3 Nxd3 26. Rxd3 Ba6 27. Qc2 Rd7 28.
Qf2 Rb8 29. g4 h6 30. Qd2 g5 31. Rxd6 Rxd6 32. Qxd6 Qb7 33. Nd5 Nxd5 34. Rxd5
Kh7 35. Qd7 Kg8 36. Qxb7 Rxb7 37. Rd6 Bf8 38. Rxb6 Rxb6 39. Bxb6 Bb4 40. Kf2
Kf8 41. Bc7 f6 42. Bd8 Kf7 43. Bf1 Bc5+ 44. Ke2 Bb4 45. Kd3 Ke6 46. Kc2 Kf7 47.
Bd3 Ke6 48. c5 Bxd3+ 49. Kxd3 Bxc5 50. Bxa5 Kd7 51. Kc4 Kc6 52. Bd8 1-0